000 02653nam0a2200433 i 4500
001 RU\NLR\bibl\2061521
005 20260406023921.0
010 _a9785979305479
_9100
021 _aRU
_b2013-54338
_93767
035 _a(nilc)RuMoRGB-006608986
035 _a(NLR Aleph) 002048245
090 _a4629016
_c4629016
100 _a20130715d2013 u y0rusy50 ca
101 0 _arus
102 _aRU
105 _aa zzzz|||||
200 1 _aКурс метрологии, стандартизации и сертификации
_eучебное пособие для студентов высших учебных заведений, обучающихся по направлению подготовки 141100 "Энергетическое машиностроение"
_fА.В. Кузьмин, С.Н. Шуханов
_gМ-во образования и науки Рос. Федерации, Бурят. гос. ун-т
210 _aУлан-Удэ
_cИзд-во БУ
_d2013
215 _a299 с.
_cил., табл.
_d24
300 _aНа 4-й с. обл. авт.: Кузьмин А.В., д.т.н., проф., Шуханов С.Н., д.т.н., доц.
313 _aмашиностроение
320 _aБиблиогр.: с. 298-299 (24 назв.)
606 _aМашиностроение
_jУчебные издания для высших учебных заведений
_xСтандартизация
_91610784
_3RU\NLR\auth\66709818
606 1 _aМашины
_jУчебные издания для высших учебных заведений
_xСертификация
_92152964
_3RU\NLR\auth\661296361
606 _aМашиностроительные заводы
_jУчебные издания для высших учебных заведений
_xМетрологическая служба
_92114292
_3RU\NLR\auth\661277445
610 0 _aэнергетическое машиностроение, стандартизация
610 0 _aэнергетическое машиностроение, сертификация
686 _aК4ц.я73-1
686 _aК5-7я73-1
700 1 _4070
_7ca
_8rus
_aКузьмин
_bА. В.
_cд-р техн. наук, с.-х. машиностроение
_gАлександр Викторович
_9108399
_3RU\NLR\auth\77125474
701 1 _aШуханов
_bС. Н.
_gСтанислав Николаевич
_4070
801 0 _aRU
_bRuMoRKP
_c20130715
_gRCR
801 2 _aRU
_bРГБ
_c20130730
_grcr
801 1 _aRU
_bRuMoRKP
_c20130715
_2rusmarc
801 2 _aRU
_bNLR
_c20130809
_grcr
830 _aавт. раскрыты по кн.
942 _cBOOK
980 _aNBR